000 00445nam a2200145Ia 4500
005 20240821160613.0
008 240821s9999||||xx |||||||||||||| ||und||
082 _a374.2 TRI(R-Th)
100 _aTripathi, Aipana
245 0 _aStudy of the impact of TV viewing on the education of adolescent students
260 _aAllahabad
_bUttar Pradesh Rajarshi Tandon open university
_c2015
300 _a30p.
650 _aAdult education
942 _cBK
999 _c172861
_d172861